| 000 | 00717cam a22002533a 4500 | ||
|---|---|---|---|
| 001 | 18620 | ||
| 003 | PGUSA | ||
| 005 | 20140828083409.0 | ||
| 008 | 060619s2006||||xxu|||||s|||||000 1 eng d | ||
| 040 |
_aPGUSA _beng |
||
| 042 | _adc | ||
| 050 | 4 | _aPT | |
| 100 | 1 |
_aMendelssohn, Erich von, _d-1913 |
|
| 245 | 1 | 0 |
_aPhantasten _h[electronic resource] / _cErich von Mendelssohn |
| 260 |
_bProject Gutenberg, _c2006 |
||
| 506 | _aPublic domain in the USA. | ||
| 516 | _aElectronic text | ||
| 653 | _aIslands -- Fiction | ||
| 653 | _aShipwrecks -- Pacific | ||
| 653 | _aAdventure and adventurers -- Fiction | ||
| 830 | 0 |
_aProject Gutenberg _v18620 |
|
| 856 | 4 | 0 | _uhttp://www.gutenberg.org/ebooks/18620 |
| 942 | _cEB | ||
| 999 |
_c247875 _d247875 |
||